<?xml version="1.0" encoding="UTF-8"?>
<record
    xmlns:xsi="http://www.w3.org/2001/XMLSchema-instance"
    xsi:schemaLocation="http://www.loc.gov/MARC21/slim http://www.loc.gov/standards/marcxml/schema/MARC21slim.xsd"
    xmlns="http://www.loc.gov/MARC21/slim">

  <leader>00679nam a2200145Ia 4500</leader>
  <controlfield tag="008">100204s9999    xx            000 0 und d</controlfield>
  <datafield tag="082" ind1=" " ind2=" ">
    <subfield code="b">25302</subfield>
  </datafield>
  <datafield tag="100" ind1=" " ind2=" ">
    <subfield code="a">&#x92A;&#x930;&#x91A;&#x941;&#x930;&#x947;    &#x936;&#x94D;&#x930;&#x940;.  &#x926;&#x93F;.</subfield>
  </datafield>
  <datafield tag="245" ind1=" " ind2=" ">
    <subfield code="a">&#x92E;&#x930;&#x93E;&#x920;&#x940; &#x917;&#x926;&#x94D;&#x92F;&#x932;&#x947;&#x916;&#x928; &#x936;&#x948;&#x932;&#x940;&#x91A;&#x93E; &#x909;&#x926;&#x94D;&#x917;&#x92E; &#x906;&#x923;&#x93F; &#x935;&#x93F;&#x915;&#x93E;&#x938;</subfield>
  </datafield>
  <datafield tag="260" ind1=" " ind2=" ">
    <subfield code="b">"&#x906;&#x936;&#x93E;    &#x92A;&#x94D;&#x930;&#x915;&#x93E;&#x936;&#x928;, &#x915;&#x94B;&#x932;&#x94D;&#x939;&#x93E;&#x92A;&#x942;&#x930;"</subfield>
    <subfield code="c">1992</subfield>
  </datafield>
  <datafield tag="300" ind1=" " ind2=" ">
    <subfield code="a">283/74</subfield>
  </datafield>
  <datafield tag="630" ind1=" " ind2=" ">
    <subfield code="a">&#x92E;&#x930;&#x93E;&#x920;&#x940; &#x917;&#x926;&#x94D;&#x92F;&#x932;&#x947;&#x916;&#x928; &#x936;&#x948;&#x932;&#x940;&#x91A;&#x93E; &#x909;&#x926;&#x94D;&#x917;&#x92E; &#x906;&#x923;&#x93F; &#x935;&#x93F;&#x915;&#x93E;&#x938;</subfield>
  </datafield>
  <datafield tag="730" ind1=" " ind2=" ">
    <subfield code="a">&#x92E;&#x930;&#x93E;&#x920;&#x940; &#x917;&#x926;&#x94D;&#x92F;&#x932;&#x947;&#x916;&#x928; &#x936;&#x948;&#x932;&#x940;&#x91A;&#x93E; &#x909;&#x926;&#x94D;&#x917;&#x92E; &#x906;&#x923;&#x93F; &#x935;&#x93F;&#x915;&#x93E;&#x938;</subfield>
  </datafield>
  <datafield tag="942" ind1=" " ind2=" ">
    <subfield code="c">BOOK</subfield>
  </datafield>
  <datafield tag="999" ind1=" " ind2=" ">
    <subfield code="c">470482</subfield>
    <subfield code="d">470479</subfield>
  </datafield>
  <datafield tag="952" ind1=" " ind2=" ">
    <subfield code="0">0</subfield>
    <subfield code="1">0</subfield>
    <subfield code="4">0</subfield>
    <subfield code="7">0</subfield>
    <subfield code="a">NCKMULUND</subfield>
    <subfield code="b">NCKMULUND</subfield>
    <subfield code="d">2002-08-21</subfield>
    <subfield code="g">200.00</subfield>
    <subfield code="l">0</subfield>
    <subfield code="o">25302</subfield>
    <subfield code="p">NCKMULUND-25302</subfield>
    <subfield code="r">2010-02-04 00:00:00</subfield>
    <subfield code="v">200.00</subfield>
    <subfield code="w">2010-02-04</subfield>
    <subfield code="y">BOOK</subfield>
  </datafield>
</record>
